000 00586 a2200193 4500
010 _aENG-88677
020 _c125.00
035 _aEN-72210
037 _bDBAD / PUB
082 1 4 _a335.4
090 _c9166
_d9166
245 1 _aPolitical economy:
_ba marxist study/
260 _aKolkata
_bNational Book Agency
_c2006
270 _a12 Bankim Chatterjee Street,
_bKolkata
_e700 073
300 _a548p. :
_c22cm (pbk)
500 _aIncludes index
942 _adpl
_cEN
_k335.4 / POL
999 _c9001
_d9001